Kľúčik (zborník mladých autorov) 2

Bibliographic Details
Other Authors: Magyarová, Mária, 1948- (Compiler)
Format: Book
Language:Slovak
PhysicalDescription:95 s. 15 cm
Published: Poprad Nadácia Kľúč 1996
ISBN:8096741837
Subjects:

MARC

LEADER 00000nam a2200000 a 4500
001 vtls001277386
003 SK-MaSNL
005 20260301113259.0
008 200115s1996 xo g f 00000 slo
015 |a SNBA1997/0601516 
020 |a 8096741837 
035 |a SNK000228651 
035 |a urn:nbn:sk:snk-am3hpod 
035 |a DB448D32-B9BD-4C66-B840-529C0517D02E 
035 |a urn:nbn:sk:snk-am00ctyi 
040 |a SNK  |b slo  |c SNK  |e AACR2 
041 0 |a slo 
044 |a xo  |c SK 
080 |a 885.4-1+885.4-3(082)  |2 1981 
080 |a 885.4-3(082)  |2 1981 
245 0 0 |a Kľúčik  |b (zborník mladých autorov)  |n 2  |c [zostavila: Mária Magyarová] 
260 |a Poprad  |b Nadácia Kľúč  |c 1996 
300 |a 95 s.  |c 15 cm 
500 |a Údaj o zost. prevzatý z rubu tit. strany 
650 0 7 |a literatúra  |2 SNKPH  |9 1427 
650 0 7 |a mládež  |2 SNKPH  |9 1575 
655 7 |a zborníky  |2 SNKPH  |9 70165 
655 7 |a výbery  |2 SNKPH  |9 67620 
700 1 |a Magyarová, Mária,  |d 1948-  |4 com  |9 38282 
919 |a 80-967418-3-7 
958 |a TL 
958 |a LX 
958 |a SK 
999 |c 713539  |d 715469 
952 |t P60, <09>, [BOOK], {629}  |a SNK  |b SNK  |y NEVYP  |7 0  |o snkE 32  |i snk949/970228  |0 0  |1 0  |4 0  |d 1997-02-27  |l 0  |r 2005-01-02 00:00:00  |w 2026-02-23 
952 |t P60, <03>, [BOOK], {603}  |a SNK  |b SNK  |y PREZ  |7 0  |p 17A0052081  |o snkSE 9076/2  |i snkKSP 2211/97  |0 0  |1 0  |4 0  |d 1997-02-27  |f 1  |l 0  |r 2005-01-02 00:00:00  |w 2026-02-23 
952 |t P60, <04>, [BOOK], {604}  |a SNK  |b SNK  |y VYP  |7 0  |p 17A0052082  |o snkSE 9076/2 D1  |i snkKSP 2212/97  |0 0  |1 0  |4 0  |d 1997-02-27  |l 0  |r 2005-01-02 00:00:00  |w 2026-02-23